Oscars 2024 - Statistiques

Statistiques générales
  • Ce quiz a été pris 367 fois
  • Le résultat moyen est 8 sur 10
Statistiques - réponses
Question Réponse % Correct
Quel acteur a reçu l'Oscar du meilleur acteur ? Cillian Murphy dans Oppenheimer
99%
Quel film a reçu l'Oscar du meilleur film ? Oppenheimer de Christopher Nolan
96%
Quel réalisateur a reçu l'Oscar de la meilleure réalisaton ? Christopher Nolan pour Oppenheimer
88%
Quel film a reçu l'Oscar du meilleur scénario original ? Anatomie d'une chute de Justine Triet et Arthur Harari
87%
Quelle actrice a reçu l'Oscar de la meilleure actrice ? Emma Stone dans Pauvres Créatures
87%
Quel acteur a reçu l'Oscar du meilleur acteur dans un second rôle ? Robert Downey Jr. dans Oppenheimer
83%
Quel film a reçu l'Oscar du meilleur film international ? La Zone d'intérêt de Jonathan Glazer (Royaume-Uni)
82%
Quel film a reçu l'Oscar du meilleur film d'animation ? Le Garçon et le Héron de Hayao Miyazaki
72%
Quelle actrice a reçu l'Oscar de la meilleure actrice dans un second rôle ? Da'Vine Joy Randolph dans Winter Break
54%
Quel film a reçu l'Oscar du meilleur scénario adapté ? Fiction à l'américaine de Cord Jefferson
17%
Aucun quiz correspondant
Distribution des résultats
% des personnes avec chaque résultat
Percentile par nombre de réponses
Votre historique - résultats
Vous n’avez pas pris ce quiz